| 000 | 00825nac a22002051u 4500 | ||
|---|---|---|---|
| 010 | _a 89026465 | ||
| 020 | _a0134683641: | ||
| 082 | 0 | 0 |
_a670.285 _bK972 |
| 090 |
_c4528 _d4528 |
||
| 100 | _aKusiak, Andrew. | ||
| 245 | 1 | 0 |
_aIntelligent manufacturing systems / _cAndrew Kusiak. |
| 260 |
_aEnglewood Cliffs, N.J. : _bPrentice Hall, _cc1990. |
||
| 300 |
_axviii, 443 p. : _bill. ; _c24 cm. |
||
| 440 | 0 | _aPrentice Hall international series in industrial and systems engineering | |
| 504 | _aIncludes bibliographical references and index. | ||
| 650 | 0 |
_aProduction planning _xAutomation. |
|
| 650 | 0 | _aComputer integrated manufacturing systems. | |
| 942 |
_cBB _k670.285K972 |
||
| 999 |
_c4528 _d4528 |
||